| 000 | 00567nam a22001817a 4500 | ||
|---|---|---|---|
| 005 | 20240917143214.0 | ||
| 010 | _aENG-141747 | ||
| 020 |
_c395.00 _a9788129135070 |
||
| 035 | _aEN-125279 | ||
| 037 | _bDBAD | ||
| 082 | _a920 | ||
| 245 |
_aThe Essential Ambedkar/ _cEdited by Balchandra Mungekar _hEnglish |
||
| 260 |
_aNew Delhi _bRupa Publications India Pvt. Ltd _c2017 |
||
| 270 |
_bNew Delhi _a7/16, Ansari Nagar, Daryaganj _e110002 |
||
| 300 |
_a440p. _c23cm(pbk) |
||
| 700 |
_aMungekar,Bhalchandra _eEditor _971719 |
||
| 942 |
_2ddc _cEN _h920 _e1 |
||
| 999 |
_c205814 _d205814 |
||